[Event "28th WSCC Women 65 2018"]
[Site "Bled"]
[Date "2018.11.23"]
[Round "6"]
[White "Gaprindashvili, Nona"]
[Black "Titorenko, Natalia I"]
[Result "1-0"]
[WhiteElo "2301"]
[BlackElo "2158"]
[Annotator "TA"]
[PlyCount "109"]
[EventDate "2018.11.17"]
[EventType "swiss"]
[EventCountry "SLO"]
[SourceTitle "playchess.com"]
[Source "ChessBase"]
[SourceQuality "1"]

{[%evp 21,109,18,38,40,56,54,54,58,54,57,92,31,113,112,225,211,252,115,124,114,129,82,193,193,174,168,164,151,189,212,216,183,191,197,252,227,304,303,288,255,248,258,254,249,347,347,370,322,310,258,250,232,218,222,178,112,186,131,456,65,94,85,99,57,60,50,110,45,59,67,181,185,180,172,296,296,271,296,265,254,263,157,250,239,497,503,29982,29983,29980,29980]} 1. d4 Nf6 2. c4 g6 3. Nc3 d5 4. cxd5 Nxd5 5. e4 Nxc3 6. bxc3 Bg7 7. Be3 O-O 8. Rc1 c5 9. Nf3 Qa5 10. Qd2 Rd8 11. d5 Nd7 12. Be2 {D85: Exchange Grünfeld: Unusual White 7th moves and lines with 7 Nf3} (12. c4 Qxd2+ 13. Nxd2 f5 14. f4 fxe4 15. Nxe4 b6 16. Be2 Nf6 17. Nxf6+ Bxf6 18. Bf3 h5 19. g3 Bh3 {½-½ (56) Batchuluun,T (2391)-Laylo,D (2509) Subic Bay 2009}) 12... Nf6 $146 ({Predecessor:} 12... b6 13. O-O Nf6 14. c4 Qxd2 15. Nxd2 e5 16. a4 Ng4 17. Bxg4 Bxg4 18. a5 f5 19. f3 Bh5 {1-0 (37) Navarro Molina,D (2048)-Rodriguez Melian,J (2141) Arucas 2011}) 13. c4 Qa4 14. Bd3 {White is slightly better.} b6 15. h3 Nd7 16. Bf4 (16. O-O $16) 16... f6 (16... Qb4 $14) 17. O-O $16 Nf8 (17... e5 $16 {might work better.}) 18. e5 $18 Bb7 19. exf6 (19. Rfe1 $18) 19... exf6 $16 20. Rfe1 Re8 21. Qc2 Qd7 (21... Qxc2 $16 22. Bxc2 Ba6) 22. a4 $18 Rxe1+ 23. Rxe1 Re8 24. Rb1 Qd8 25. a5 Nd7 26. axb6 axb6 27. Qa4 Bf8 (27... f5 $142 28. Ng5 Be5) 28. Qb5 Qc8 29. Ra1 Be7 {[%cal Bf8e7,Be7d8,Bd8f6][%mdl 32]} 30. Nd2 f5 31. Nf3 Bd8 32. Ra7 Bf6 33. Bc2 Re7 34. Bd6 Rg7 35. h4 Bd8 36. Bf4 Bc7 37. Bxc7 Qxc7 38. g3 ({White should try} 38. Qb2 $18) 38... h6 (38... Qb8 $16 39. Ra1 f4) 39. Qa4 (39. Qb1 $18) 39... Re7 $2 {[%mdl 8192] [#]} (39... Qb8 $16) 40. Bd3 $2 ({White should play} 40. d6 $1 $18 {[%mdl 512]} Qxd6 41. Rxb7) 40... Ne5 $14 41. Nxe5 Qxe5 42. Bf1 f4 43. Qb3 Rf7 (43... Kg7 $14) 44. Qxb6 (44. Ra2 $16) 44... fxg3 45. Qxg6+ {[%mdl 64] Double Attack} Rg7 (45... Kf8 $14 46. Qxh6+ Kg8 47. Qg6+ {[%mdl 64] Double Attack} Kf8 48. Qh6+ (48. Qxg3 Rg7 $17) 48... Kg8) 46. Qe6+ $18 Qxe6 47. dxe6 {[%mdl 4096] Endgame KRB-KRB} g2 (47... Kf8 $142 48. e7+ Rxe7) 48. Be2 $1 Kf8 {[#]} 49. Bh5 $1 Re7 50. Bg4 Be4 51. Ra6 (51. Ra3 $18) 51... Rb7 {[#]} (51... Bd3 $16 52. Ra8+ (52. Kxg2 Bxc4 53. Rb6 Rc7 $16) 52... Re8) 52. f3 $1 {[%cal Rf3e4]} Rg7 $2 (52... Bd3 {is a better defense.} 53. Rc6 (53. Kxg2 Bxc4 54. Rc6 Re7 $16) 53... Bxc4 54. Rxc5 Bf1) 53. Ra5 Ke7 (53... Bg6 $18 54. Rxc5 Ke7) 54. Ra7+ Kf6 55. Rxg7 {Accuracy: White = 57%, Black = 38%.} 1-0

[Event "28th WSCC Women 65 2018"]
[Site "Bled"]
[Date "2018.11.23"]
[Round "6"]
[White "Fatalibekova, Elena"]
[Black "Khmiadashvili, Tamar"]
[Result "1/2-1/2"]
[WhiteElo "2161"]
[BlackElo "2010"]
[Annotator "TA"]
[PlyCount "72"]
[EventDate "2018.11.17"]
[EventType "swiss"]
[EventCountry "SLO"]
[SourceTitle "playchess.com"]
[Source "ChessBase"]
[SourceQuality "1"]

{[%evp 9,72,48,69,56,90,96,105,72,88,55,55,55,79,51,51,51,51,51,52,45,60,29,31,24,57,23,58,27,48,33,141,22,44,39,59,44,41,27,77,21,21,21,21,22,52,44,36,43,53,52,98,89,504,91,983,977,949,872,29989,29990,29990,0,0,0,0]} 1. e4 c6 2. d4 g6 3. c3 d5 4. Nd2 Bg7 5. Bd3 Nh6 {LiveBook: 32 Games} 6. Qe2 {B12: Caro-Kann: Advance Variation} (6. Ngf3 O-O 7. O-O a5 8. a4 b6 9. Re1 Ba6 10. Bc2 Ra7 11. e5 c5 12. Nb3 c4 13. Nbd2 Bc8 14. Nf1 Na6 15. h4 f5 16. Ng5 Nc7 17. Nh2 Nf7 18. Nxf7 Rxf7 19. h5 Qf8 20. hxg6 hxg6 21. f4 {½-½ (21) Milov,L (2426)-Epishin,V (2574) Karlsruhe 2017}) 6... dxe4 $146 ({Predecessor:} 6... Na6 7. Ngf3 O-O 8. O-O Nc7 9. Re1 Re8 10. Nf1 f6 11. h3 Nf7 12. e5 Ne6 13. g4 fxe5 14. dxe5 {1-0 (31) Ermenkov,E (2423)-Bojarinov,V (2343) Plovdiv 2013}) 7. Nxe4 Nf5 8. Nf3 {White is better.} Nd6 9. Bf4 {Strongly threatening Nxd6+.} Nxe4 10. Bxe4 O-O 11. O-O (11. h4 {with more complications.} Bg4 12. h5 Nd7 13. hxg6 hxg6 14. O-O-O) 11... Bg4 12. h3 Bxf3 13. Bxf3 e6 14. Rad1 Nd7 15. c4 Re8 16. Qc2 a5 17. b3 Qf6 18. Qc1 {Bg5 is the strong threat.} Qe7 19. Rfe1 Qb4 (19... Qf8 $14) 20. Bd2 (20. c5 $1 $16) 20... Qb6 21. Be3 Qc7 22. Qc2 Bf8 23. h4 f5 24. Qc1 ({White should try} 24. g3 $16) 24... e5 $11 25. dxe5 Nxe5 26. Be2 a4 27. c5 axb3 28. axb3 Bg7 29. Bf4 Qa5 30. h5 Qb4 $2 {[%mdl 8192]} (30... Kf8 $16) 31. hxg6 $2 (31. Bxe5 $1 $18 {is the precise move to win. Intending Bc4+ and mate.} Bxe5 32. Bc4+ Kh8 33. Rxe5 $1 {[%mdl 512]} Rxe5 34. Qg5 Re1+ 35. Kh2 Qxc4 36. bxc4 Rxd1 37. Qf6+ Kg8 38. hxg6 hxg6 39. Qxg6+ Kh8 40. Qh5+ {[%mdl 64] Double Attack} Kg8 41. Qxd1) 31... hxg6 $2 {[%mdl 8192]} (31... Nxg6 $16 32. Bc4+ Kh8 33. Rxe8+ Rxe8) 32. Bxe5 $1 $18 Rxe5 {[#]} 33. Bc4+ $1 Kh7 34. Rxe5 Bxe5 35. Qg5 $2 (35. Rd7+ {mates} Bg7 36. Qe3 Qxc4 37. bxc4 Ra1+ 38. Kh2 Re1 39. Qxe1 Kh6 40. Qe7) 35... Ra1 $11 36. Qh4+ Kg7 {Accuracy: White = 32%, Black = 30%.} 1/2-1/2

[Event "28th WSCC Women 65 2018"]
[Site "Bled"]
[Date "2018.11.23"]
[Round "6"]
[White "Kozlovskaya, Valentina"]
[Black "Serjmyadag, Damdin"]
[Result "1-0"]
[WhiteElo "2154"]
[BlackElo "1864"]
[Annotator "TA"]
[PlyCount "220"]
[EventDate "2018.11.17"]
[EventType "swiss"]
[EventCountry "SLO"]
[SourceTitle "playchess.com"]
[Source "ChessBase"]
[SourceQuality "1"]

{[%evp 9,220,28,54,38,45,10,1,4,15,17,17,6,35,29,40,4,58,50,168,187,202,154,177,162,190,122,164,116,142,102,233,225,227,216,270,187,183,178,165,140,174,116,191,104,165,78,77,27,17,-12,3,-13,9,9,10,17,50,39,43,12,26,18,252,135,668,668,614,493,483,-95,-112,-185,157,178,178,162,1025,981,1179,129,29989,29990,29990,785,914,566,519,431,449,288,270,279,312,323,327,310,360,355,341,333,395,414,419,385,416,189,194,92,92,92,128,143,211,212,208,210,210,208,200,106,106,106,106,106,415,352,1771,1570,6079,5856,5445,5216,3591,3842,1523,1613,6423,4863,9917,8046,6444,5857,1097,1083,29939,12849,29946,29947,29939,29947,29948,29948,29954,29955,29950,29951,29947,12551,29956,29958,6723,2441,1500,1178,29966,29969,29971,29965,29965,29968,29967,29970,29971,29973,29973,29970,29979,4153,29978,29977,29979,29980,29983,29984,29988,29989,29989,29989,29990,29990,29991,29992,29992,29992,29992,29993,29993,29994,29994,29991,29992,29993,29995,29994,29996,29997,29997,29998,29998,0,29997,0,29998]} 1. c4 c6 2. Nf3 g6 3. d4 d5 4. e3 Bg7 5. Nc3 e6 {LiveBook: 3 Games} (5... Nf6 6. h3 O-O 7. Bd3 dxc4 8. Bxc4 b5 9. Bd3 a5 10. O-O b4 11. Na4 Ba6 12. b3 Bb5 13. Bb2 Nbd7 14. Rc1 Rc8 15. Nc5 Qb6 16. a4 Bxd3 17. Qxd3 Nxc5 18. Rxc5 {1-0 (45) Karjakin,S (2763)-Artemiev,V (2697) Moscow 2018}) 6. Qc2 {D11: Slav Defence: 3 Nf3 sidelines and 3...Nf6 4 e3 Bg4} Ne7 7. a3 $146 ({Predecessor:} 7. Bd3 Nd7 8. O-O O-O 9. b3 f5 10. cxd5 exd5 11. Rb1 {0-1 (48) Haratsidis,V (1996)-Konstantelias,K (1974) Kavala 2009}) 7... Nd7 8. Be2 b6 9. O-O Bb7 10. e4 dxe4 11. Nxe4 O-O 12. Bg5 f6 (12... c5 $11) 13. Bf4 $36 {[%mdl 2048] White is pushing.} Nc8 (13... c5 $14) 14. c5 $18 Re8 {[%cal Bf8e8,Be8e7,Be7d7][%mdl 32]} 15. Rfd1 b5 16. h4 Nf8 17. Nh2 (17. a4 $18) 17... Re7 18. Bf3 Rd7 19. Nd6 Ne7 (19... Nxd6 $16 20. Bxd6 (20. cxd6 f5 $14) 20... a5) 20. a4 a6 21. Ng4 Nd5 22. Bd2 Rxd6 23. cxd6 Qxd6 24. g3 Rc8 25. Qc5 (25. Nh6+ $18 Bxh6 26. Bxh6) 25... Qd8 (25... Qxc5 $16 26. dxc5 Nd7) 26. b4 (26. Nh6+ $18 Bxh6 27. Bxh6) 26... Nd7 (26... bxa4 $16 {was worth a try.} 27. Rxa4 Qc7) 27. Qc2 (27. Qd6 $18 {has better winning chances.} Nf8 28. Qxd8 Rxd8 29. axb5 axb5 30. Bxd5 exd5 31. Ra7) 27... N7b6 28. a5 Nc4 29. Bc3 Qd6 30. Be2 f5 31. Bxc4 bxc4 32. Ne5 f4 $1 33. Nxc4 Qc7 34. Be1 c5 35. bxc5 {Hoping for Qe4.} Ba8 $2 (35... fxg3 $11 36. Rab1 (36. fxg3 Nc3 $11) 36... gxf2+ 37. Bxf2 (37. Qxf2 Rf8 $11) 37... Rf8) 36. Ra3 (36. Qe2 $18 Qd7 37. Ne5 Bxe5 38. Qxe5) 36... Bxd4 $2 {[%mdl 8192]} (36... fxg3 $16 37. fxg3 (37. Rxg3 Rf8 $16) 37... Rf8) 37. Rxd4 Qxc5 38. Qd3 fxg3 39. f3 $2 ({White should play} 39. fxg3 $18 e5 40. Nxe5 {[%mdl 64] Discovered Attack (Double check)}) 39... Nf4 $1 $17 {[%cal Rf4d3]} 40. Qe3 (40. Bb4 $17 {was called for.} Qa7 41. Qe3 Qxd4 {[%mdl 64] Deflection, Decoy} 42. Qxd4 Ne2+ {[%mdl 64] Double Attack} 43. Kg2 Nxd4 44. Nd6) 40... Ne2+ $2 ({Better is} 40... Qxd4 $1 $19 41. Qxd4 Ne2+ {[%mdl 64] Double Attack} 42. Kg2 Nxd4) 41. Qxe2 $16 Qxd4+ 42. Ne3 Qxh4 $2 (42... Rc1) 43. Ng4 $18 Bd5 44. Bc3 $2 (44. Qe5 $18 {is the precise move to win.}) 44... Rf8 $2 {[%mdl 8192]} (44... g2 $16 45. Nf2 Qf4) 45. Qe5 {[%csl Gc3][%cal Re5g7]} Kf7 46. Qc7+ (46. Qg7+ $142 Ke8 47. Bb4 Qh2+ 48. Nxh2 Rf7 49. Qg8+ Rf8 50. Qxf8+ Kd7 51. Qe7+ Kc6 52. Ng4 h5 53. Ne5+ {[%mdl 64] Double Attack} Kb5 54. Qc5#) 46... Ke8 47. Qc8+ Qd8 48. Nf6+ Kf7 49. Qxd8 Rxd8 50. Nxh7 g5 51. Nxg5+ Kg6 52. Bd2 Rc8 53. Ne4 Rc2 54. Rd3 Ra2 55. Kg2 Ra4 56. Nxg3 Bc4 57. Rd4 (57. Rd6 $142) 57... Bf1+ 58. Nxf1 (58. Kxf1 $18 Rxd4 59. Ke2) 58... Rxd4 $16 59. Kf2 Ra4 60. Ng3 Kf6 (60... Rc4 $16 61. Ne4 Rc6) 61. Ne4+ $18 Kf5 62. Nc5 Rd4 63. Ke3 $1 {[%cal Re3d4]} Rd6 64. Bb4 (64. Nd3 $18) 64... Rc6 65. Nd3 e5 66. Bc5 Rc8 $2 {[%mdl 8192] [#]} (66... Re6 $16 {is tougher.} 67. Bb6 Rh6) 67. Bd6 $1 Rc3 $2 (67... Ke6) 68. Bxe5 Rc6 69. Bd4 Re6+ 70. Kd2 Rd6 71. Kc3 Rc6+ 72. Bc5 Rc8 73. Kc4 Ke6 74. Nb4 Ra8 75. Nd5 {Intending Nc7+ and mate.} Rc8 76. f4 {[%cal Bf3f4,Bf4f5][%mdl 32]} Kf7 77. f5 Rc6 78. Kd4 Rc8 79. Bb6 Rc1 80. Ke5 Re1+ 81. Kd6 Rf1 82. f6 Rd1 83. Bd8 (83. Kc6 $142 Kg6 84. Nc7 Kf7 85. Nxa6 Rh1 86. Nc5 Ra1 87. a6 Kxf6 88. a7) 83... Ke8 84. Be7 Ra1 85. Nf4 (85. Nb4 $142 Ra3 86. Nc6) 85... Kf7 {[#]} 86. Bd8 $1 Rxa5 87. Bxa5 Kxf6 88. Nd5+ Kf5 89. Nc7 Ke4 90. Nxa6 Kf5 91. Kd5 Kf4 92. Nc5 Kf5 93. Ne6 (93. Bc7 $142 Kg5 94. Ke4 Kh4 95. Kf4 Kh3 96. Kf3 Kh4 97. Ne4 Kh3 98. Ng5+ Kh4 99. Ne4) 93... Kf6 94. Bc3+ Kf5 95. Be5 Kg4 96. Ke4 Kh5 97. Kf5 Kh4 98. Ng5 Kh5 99. Bg3 Kh6 100. Ne6 Kh5 101. Bf2 Kh6 102. Bh4 Kh5 103. Bf6 Kh6 104. Nf4 Kh7 105. Ke6 Kh6 106. Kf7 Kh7 107. Bg5 Kh8 108. Ng6+ Kh7 109. Nf4 Kh8 110. Ng6+ Kh7 {Accuracy: White = 42%, Black = 17%.} 1-0

[Event "28th WSCC Women 65 2018"]
[Site "Bled"]
[Date "2018.11.23"]
[Round "6"]
[White "Sorokina, Tamara"]
[Black "Tsifanskaya, Ludmila A"]
[Result "1/2-1/2"]
[WhiteElo "2058"]
[BlackElo "1996"]
[Annotator "NA RC"]
[PlyCount "26"]
[EventDate "2018.11.17"]
[EventType "swiss"]
[EventCountry "SLO"]
[SourceTitle "playchess.com"]
[Source "ChessBase"]
[SourceQuality "1"]
[TimeControl "40/5400+30:1800+30"]

{[%evp 14,26,0,6,0,0,0,-8,3,-42,-54,-22,0,0,0]} 1. d4 Nf6 2. Nd2 e6 3. Ngf3 c5 4. e3 b6 5. Bd3 Bb7 6. O-O Be7 7. c3 d5 8. b3 O-O 9. Bb2 {LiveBook: 3 Games} Nc6 10. Qe2 Qc7 11. e4 dxe4 $15 12. Nxe4 Nxe4 13. Bxe4 Rad8 1/2-1/2

[Event "28th WSCC Women 65 2018"]
[Site "Bled"]
[Date "2018.11.23"]
[Round "6"]
[White "Tsygankova, Enni"]
[Black "Dotan, Valeria"]
[Result "0-1"]
[WhiteElo "1760"]
[BlackElo "1883"]
[Annotator "NA RC"]
[PlyCount "64"]
[EventDate "2018.11.17"]
[EventType "swiss"]
[EventCountry "SLO"]
[SourceTitle "playchess.com"]
[Source "ChessBase"]
[SourceQuality "1"]
[TimeControl "40/5400+30:1800+30"]

{[%evp 8,58,22,32,33,8,9,6,32767,14,32767,-2,10,6,18,9,20,0,6,25,46,41,59,65,72,55,56,58,75,26,55,-66,-53,-60,-56,-58,-59,-64,-58,-70,-63,-109,32767,32767,32767,32767,-122,-249,-267,-214,-255,-258,-272]} 1. d4 Nf6 2. Bf4 e6 3. e3 d6 {A45: Trompowsky Attack} (3... c5 4. Nd2 cxd4 5. exd4 Be7 6. Ngf3 O-O 7. Bd3 b6 8. O-O Bb7 9. Re1 d6 10. c3 a6 11. Ng5 h6 12. Nge4 Nxe4 13. Nxe4 Bxe4 14. Bxe4 d5 15. Bc2 Bg5 16. Qd3 g6 17. Rxe6 {1-0 (17) Aronian,L (2767)-Giri,A (2782) chess.com INT 2018}) 4. h3 Be7 5. Nf3 b6 6. Be2 Bb7 {LiveBook: 6 Games} 7. O-O h6 8. Nbd2 O-O 9. a3 $146 ({Predecessor:} 9. c3 Nbd7 10. Qc2 c5 11. Rad1 cxd4 12. exd4 Nd5 13. Bh2 f5 14. a3 {1-0 (37) Gerecs,I-Horvath,J (2210) Hungary 2007}) 9... Nbd7 10. c3 Re8 11. Rc1 Bf8 12. Bh2 g6 13. Qc2 Bg7 14. e4 Nh7 15. e5 dxe5 16. Nxe5 Nxe5 17. dxe5 Qe7 18. Nf3 Ng5 19. Qd3 (19. Nd4 $14) 19... Rad8 20. Qe3 Nxf3+ 21. Bxf3 Bxf3 22. Qxf3 Rd2 23. Rb1 Red8 24. Rfd1 Qd7 25. Rxd2 Qxd2 26. Bf4 Qc2 27. Rc1 (27. Re1 $17) 27... Qxb2 28. a4 g5 29. Be3 Bxe5 $19 30. Rd1 Rxd1+ 31. Qxd1 Qxc3 32. g3 Qa1 0-1

[Event "28th WSCC Women 65 2018"]
[Site "Bled"]
[Date "2018.11.25"]
[Round "7"]
[White "Gaprindashvili, Nona"]
[Black "Kozlovskaya, Valentina"]
[Result "1-0"]
[WhiteElo "2301"]
[BlackElo "2154"]
[Annotator "NA"]
[PlyCount "109"]
[EventDate "2018.11.17"]
[EventType "swiss"]
[EventCountry "SLO"]
[SourceTitle "playchess.com"]
[Source "ChessBase"]
[SourceQuality "1"]
[TimeControl "40/5400+30:1800+30"]

1. d4 {[%emt 0:00:00]} c5 {[%emt 0:00:09]} 2. d5 {[%emt 0:00:00]} e5 {[%emt 0:00:32]} 3. c4 {[%emt 0:00:00]} d6 {[%emt 0:00:07]} 4. e4 {[%emt 0:00:00]} g6 {[%emt 0:00:47]} 5. Nc3 {[%emt 0:00:17]} Bg7 {[%emt 0:00:45]} 6. Be2 {[%emt 0:00:35]} Nf6 {[%emt 0:01:07]} 7. h4 {[%emt 0:00:34]} h5 {[%emt 0:01:20] E73: King's Indian: Averbakh Variation without 6...c5} (7... Nbd7 8. Bg5 h6 9. Bd2 h5 10. Nf3 Nh7 11. a3 Bf6 12. b4 Be7 13. Rb1 b6 14. Qa4 O-O 15. Bh6 {1-0 (73) Goryachkina,A (2451)-Demchenko,A (2615) Jerusalem 2015}) 8. Nh3 {[%emt 0:00:20]} a6 {[%emt 0:03:49]} 9. a4 {[%emt 0:00:45]} a5 {[%emt 0:02:41]} 10. Ng5 {[%emt 0:00:34]} Na6 $146 {[%emt 0:00:18]} ({Predecessor:} 10... Qe7 11. Nb5 Na6 12. Bd2 b6 13. g3 Bd7 14. Qb3 Bc8 15. Bf1 {1-0 (38) Winterberg,L (2244)-Wilk,W (2067) Eschborn 2013}) 11. f3 {[%emt 0:02:53]} Nc7 {[%emt 0:05:22]} 12. Be3 {[%emt 0:01:49]} b6 {[%emt 0:00:26]} 13. Qd2 {[%emt 0:01:20]} Bd7 {[%emt 0:01:52]} 14. O-O-O {[%emt 0:00:25]} Qe7 {[%emt 0:00:50]} 15. Nh3 {[%emt 0:06:39]} Ng8 {[%emt 0:04:29]} 16. Nf2 {[%emt 0:05:39]} O-O-O {[%emt 0:00:14]} 17. g3 {[%emt 0:05:34]} Bh6 {[%emt 0:01:39]} 18. f4 {[%emt 0:02:28]} f6 {[%emt 0:00:27]} 19. g4 {[%emt 0:06:42]} exf4 {[%emt 0:03:20]} 20. Bxf4 {[%emt 0:00:18]} g5 {[%emt 0:00:48]} 21. Be3 {[%emt 0:01:39]} gxh4 {[%emt 0:02:06]} 22. Rxh4 {[%emt 0:00:42]} Bg5 {[%emt 0:08:19]} 23. Rxh5 {[%emt 0:01:29]} Rxh5 {[%emt 0:00:54]} 24. gxh5 {[%emt 0:00:02]} Nh6 {[%emt 0:03:43]} 25. Rg1 {[%emt 0:10:44]} Rg8 {[%emt 0:06:09]} 26. Nd3 {[%emt 0:04:57]} Ne8 {[%emt 0:03:05]} 27. Bxg5 {[%emt 0:07:01]} Rxg5 {[%emt 0:02:42]} 28. Rf1 {[%emt 0:04:45]} Qg7 {[%emt 0:10:31]} 29. Kc2 {[%emt 0:05:30]} Nf7 {[%emt 0:03:09]} 30. Nf4 {[%emt 0:01:18]} Ne5 {[%emt 0:06:52]} 31. Kb3 {[%emt 0:00:26]} Rg3 {[%emt 0:04:14]} 32. Qe1 {[%emt 0:01:44]} Rg5 {[%emt 0:01:56]} 33. Qh4 {[%emt 0:04:16]} Qh6 {[%emt 0:00:01]} 34. Ne6 {[%emt 0:11:54]} Bxe6 {[%emt 0:00:42]} 35. dxe6 {[%emt 0:00:02]} Nc6 {[%emt 0:00:16]} 36. Bg4 {[%emt 0:02:32]} Kb8 {[%emt 0:02:38]} 37. Rf4 {[%emt 0:05:07]} Ka7 {[%emt 0:05:09]} 38. Qf2 {[%emt 0:05:32]} Rg7 {[%emt 0:01:43]} 39. Nd5 {[%emt 0:01:10]} Qg5 {[%emt 0:08:58]} 40. Ka2 {[%emt 0:00:00]} Nb4+ {[%emt 0:00:00]} 41. Nxb4 {[%emt 0:02:19]} axb4 {[%emt 0:01:11]} 42. Be2 {[%emt 0:05:29]} Qe5 {[%emt 0:04:42] [#]} 43. Bg4 $2 {[%emt 0:01:50]} ({White must play} 43. Rg4 $1 $18 {[%cal Rg4g7]} Re7 44. Qf5) 43... Qg5 {[%emt 0:00:26]} 44. Qd2 {[%emt 0:06:08]} Re7 {[%emt 0:03:19]} 45. Qh2 {[%emt 0:02:33]} (45. Bf3 $142) 45... Qh6 $2 {[%emt 0:01:00]} (45... Nc7 $16 {might work better.} 46. Bf5 Nxe6 47. Bxe6 Rxe6) 46. Bf5 {[%emt 0:01:20]} Rg7 {[%emt 0:05:54]} 47. Rf1 {[%emt 0:03:38]} Rg5 {[%emt 0:08:08]} 48. Rh1 {[%emt 0:00:33]} Rg8 {[%emt 0:04:06]} 49. Bg6 {[%emt 0:01:49]} Qf8 {[%emt 0:06:31]} 50. Bxe8 {[%emt 0:00:56]} Qxe8 {[%emt 0:00:01]} 51. Qxd6 {[%emt 0:00:17]} Qxa4+ {[%emt 0:00:55]} 52. Kb1 {[%emt 0:00:08]} b3 {[%emt 0:01:26]} 53. Qd7+ {[%emt 0:01:17]} Qxd7 {[%emt 0:00:09]} 54. exd7 {[%emt 0:00:09]} Kb7 $18 {[%emt 0:00:06]} 55. Rd1 {[%emt 0:00:38]} 1-0